Normal view MARC view

Entry Personal Name

Number of records used in: 2

001 - CONTROL NUMBER

  • control field: 85890

003 - CONTROL NUMBER IDENTIFIER

  • control field: dpl

005 - DATE AND TIME OF LATEST TRANSACTION

  • control field: 20251205150608.0

008 - FIXED-LENGTH DATA ELEMENTS

  • fixed length control field: 251205|| aca||aabn | a|a d

040 ## - CATALOGING SOURCE

  • Original cataloging agency: dpl
  • Transcribing agency: dpl

100 ## - HEADING--PERSONAL NAME

  • Personal name: Ranjit Kumar A

670 ## - SOURCE DATA FOUND

  • Source citation: Work cat.: (dpl)213863: Ranjit Kumar A,, Educational System in Andhra Pradesh (1956-2014): , 2022

© Delhi Public Library
Hit Counter
free hit counter